MARC

LEADER 00000nam0a2200000 4500
001 357458
005 20231102011008.0
035 |a (RuTPU)RU\TPU\retro\14726 
090 |a 357458 
100 |a 20200805d1978 km y0rusy50 ca 
101 1 |a fre  |c rus 
102 |a RU 
105 |a a g 001zy 
200 1 |a Полупроводниковая электроника  |e справочник  |f П. И. Баранский , В. П. Клочков, И. В. Потыкевич 
210 |a Москва  |c Мир  |d 1978 
215 |a 527 с.  |c ил. 
300 |a На фр. яз. 
320 |a Библиогр.: с. 438-521 
510 1 |a Electronique des Semiconducteurs  |z fre 
606 1 |a Электроника полупроводниковая  |2 stltpush  |3 (RuTPU)RU\TPU\subj\20334  |9 45443 
610 1 |a справочники 
610 1 |a материалы 
610 1 |a полупроводники 
610 1 |a полупроводниковые соединения 
610 1 |a германий 
610 1 |a кремний 
610 1 |a тройные полупроводниковые соединения 
610 1 |a свойства 
610 1 |a параметры 
610 1 |a энергетические зоны 
610 1 |a структурные деформации 
675 |a 621.382(035)  |v 4 
700 1 |a Баранский  |b П. И.  |g Петр Иванович 
701 1 |a Клочков  |b В. П.  |g Владимир Петрович 
701 1 |a Потыкевич  |b И. В.  |g Иван Васильевич 
801 1 |a RU  |b 63413507  |c 20200805 
801 2 |a RU  |b 63413507  |c 20210219  |g RCR 
942 |c BK